| 000 | 00702nam a22002177a 4500 | ||
|---|---|---|---|
| 005 | 20170124110116.0 | ||
| 010 | _aB-079314 | ||
| 020 |
_c400.00 _a8187100540 |
||
| 035 | _aB-079314 | ||
| 037 | _bCen Lib/Ret | ||
| 040 |
_aDPL _bEN |
||
| 082 |
_a954.084 _bVAR |
||
| 100 |
_aVarma, Vrindavan Lal _929998 |
||
| 245 |
_aLakshmi Bai : _cby Vrindavan Lal Varma _bthe rani of Jhansi / |
||
| 260 |
_aNew Delhi _bOcean Books _c2001 |
||
| 270 |
_a4/19 Asaf Ali Road _bNew Delhi _e110002 |
||
| 300 |
_a312p. _c21cm(Hb) |
||
| 650 |
_aSepoy Rebellion (India :--1857-1858) _929999 |
||
| 650 |
_aLakshmibai, -- Rani of Jhansi, -- 1828-1858 -- Fiction _930000 |
||
| 942 |
_2ddc _cEN _h954.084 _mVAR |
||
| 999 |
_c130744 _d130744 |
||